000 01587nam a22003497a 4500
001 BRCA_9361
003 FranzMayer
005 20231011103550.0
008 231009b |||||||| |||| 00| 0 eng d
020 _a9783822830277
040 _aMFM
_bespañol
_cMFM
050 _aNC974.3.A7
_bT37 2006
110 1 _4Responsable
_aTaschen
_929898
240 _aDomus V
_h1960-1964
_lItaliano
245 0 _aDomus V
_b1960-1964
260 _aItalia
_bTaschen
_c2006
300 _a580 p
_bIlustraciones a color
_c32.5 cm
440 _aDomus V
_nTomo V
_p1960-1964
_vVol 5
_929899
500 _aContiene los siguientes volúmenes:Domus I. 1928-1939Domus II. 1940-1949Domus III. 1950-1954Domus IV. 1955-1959Domus V. 1960-1964Domus VI. 1965-1969Domus VII. 1970-1974Domus VIII. 1975-1979Domus IX. 1980-1984Domus X. 1985-1989Domus XI. 1990-1994Domus XII. 1995-1999
505 _aTexto en: italianoIncluye índice temáticoIncluye traducciones de textoDirigido a: artistas, historiadores de arte y personas con interés en el diseño.
650 1 _2Arte
_aPublicaciones artisticas
_vPublicaciones de arte
_929900
651 2 _2Diseño
_aLibros de arte
_vPublicaciones periódicas
_929901
700 1 _4Edit
_aBerg, Thomas
_929902
700 1 _4Edit
_aHausmann, Viktoria
_929903
700 1 _4Edit
_aFigini, Carmen
_929904
700 1 _4Col
_aHavertz, Yvonne
_929905
700 1 _4Col
_aBlankenhagen, Patricia
_929906
700 1 _4Prod
_aGoerhardt, Frank
_929907
700 1 _4Prod
_aWachendorf, Ute
_929908
700 1 _4Trad
_aBaker Dick, Bradley
_929909
942 _2lcc
_cB
999 _c11073
_d11073